|
|
|
|
| LEADER |
01530nam a2200433 4500 |
| 001 |
ocn852225795 |
| 003 |
OCoLC |
| 005 |
20170124070111.7 |
| 006 |
m o d |
| 007 |
cr cnu|||unuuu |
| 008 |
130709s2012 gw o 000 0 ger d |
| 040 |
|
|
|a DG1
|b eng
|c DG1
|d DEBBG
|d OCLCF
|d YDXCP
|d OCLCQ
|d GrThAP
|
| 020 |
|
|
|a 9783433601075
|q (electronic bk.)
|
| 020 |
|
|
|a 3433601070
|q (electronic bk.)
|
| 029 |
1 |
|
|a AU@
|b 000051763247
|
| 029 |
1 |
|
|a DEBBG
|b BV041483692
|
| 029 |
1 |
|
|a GBVCP
|b 775863998
|
| 029 |
1 |
|
|a NZ1
|b 15915041
|
| 035 |
|
|
|a (OCoLC)852225795
|
| 050 |
|
4 |
|a TA684
|b .B45 2012
|
| 082 |
0 |
4 |
|a 693/.71
|2 23
|
| 049 |
|
|
|a MAIN
|
| 245 |
0 |
0 |
|a Beispiele zur Bemessung von Stahltragwerken nach DIN EN 1993 Eurocode 3 /
|c bauforumstahl e.V.
|
| 264 |
|
1 |
|a Berlin :
|b Ernst & Sohn,
|c [2012]
|
| 264 |
|
4 |
|c ©2012
|
| 300 |
|
|
|a 1 online resource
|
| 336 |
|
|
|a text
|b txt
|2 rdacontent
|
| 337 |
|
|
|a computer
|b c
|2 rdamedia
|
| 338 |
|
|
|a online resource
|b cr
|2 rdacarrier
|
| 505 |
0 |
|
|a Projekt 1: Halle ohne Kranbetrieb -- Projekt 2: Halle mit Kranbetrieb -- Quellenverzeichnis.
|
| 588 |
0 |
|
|a Online resource; title from PDF title page (Wiley, viewed July 9, 2013).
|
| 650 |
|
0 |
|a Building, Iron and steel.
|
| 650 |
|
0 |
|a Steel, Structural.
|
| 650 |
|
7 |
|a Building, Iron and steel.
|2 fast
|0 (OCoLC)fst00840918
|
| 650 |
|
7 |
|a Steel, Structural.
|2 fast
|0 (OCoLC)fst01132810
|
| 655 |
|
4 |
|a Electronic books.
|
| 710 |
2 |
|
|a Bauforumstahl e.V.
|
| 856 |
4 |
0 |
|u https://doi.org/10.1002/9783433601075
|z Full Text via HEAL-Link
|
| 994 |
|
|
|a 92
|b DG1
|